All Battles of the Clone Wars - Statistics

General Stats
  • This quiz has been taken 28 times
  • The average score is 19 of 151
Answer Stats
Hint Timeline Battle % Correct
Ahsoka is introduced here. Also a very important battle. 22 BBY Christophsis
72%
Start of the war. 22 BBY First battle of Geonosis
72%
The opening battle to Revenge of the Sith and one of the final battles of the war. 19 BBY Coruscant
67%
One of the bigger battles throughout the war. The 501st, 327th, 212th, 41st, and the special operations unit under Ki-Adi-Mundi were all here in the effort to stop these droid factories. 21 BBY Second Battle of Geonosis
67%
General Grievous Dies here. 19 BBY Utapau
67%
Commander Gree and Jek die here. 19 BBY Kashyyyk
61%
Twi'leks home world. One of the longer conflicts in the war and an important one. 22 BBY Ryloth
61%
Aayla Secura dies here. 19 BBY Felucia
56%
Where the Clones are from. 21 BBY Kamino
56%
Jabbas son. Another important battle. 22 BBY Teth
50%
One of the worst battles if not the worst battle. Shadow people live here. 20 BBY Umbara
50%
Plo Koon Dies here. | The First part to this battle had the 501st Legion here first. We see this planet again in Revenge of the Sith. Its one of the longer campaigns during the finals days of the war. Nute Gunray is from here. 19 BBY Cato Neimoidia
39%
Many incidents happen in this short period of time. Name any of the planets/places involved.(Hint : Death Watch) 21 BBY MandaloreConcordia Kalevala The Coronet
39%
This was the longest campaign in the entire war. 19 BBY Mygeeto
39%
The Zillo Beast is found here. 21 BBY Malastare
33%
The capture of Eeth Koth sparks this short battle. 21 BBY Saleucami
33%
Where the Republic fought against the Malevolence. 22 BBY Abregado
28%
The Nightsisters are slaughtered here. 20 BBY Dathomir
28%
Where Admiral Akbar is from. 20 BBY Mon Cala
28%
The name of this war finally ends after 3 long years of fighting that will forever leave a scar on the galaxy. 22 BBY - 19BBY The Clone Wars
28%
Ahsoka and Grievous duel on skytop station. 22 BBY Bothawui
22%
Even Piell is captured thus sparking this battle. 20 BBY Lola Sayu
22%
Tup prematurely executes Order 66 here. 19 BBY Ringo Vinda
22%
Rush Clovis and Commander Thorn die here. 19 BBY Scipio
22%
Admiral Trench finally dies here. 19 BBY Anaxes
17%
General Bolla Ropa dies here. 21 BBY Devaron
17%
Technically taking place in 22 BBY, this is where General Grievous is introduced. Hypori
17%
The 104th Battalion rescue Anakin, Obi-Wan, Ahsoka, Captain Rex, and the people of Kiros here. 20 BBY Kadavo
17%
Where the Mud-Jumpers of the 224h were slugging it out. 22 BBY Mimban
17%
Many Jedi die here during what operation. 19 BBY Operation Knightfall
17%
Anakin and the 501st Legion rescue Aayla Secura and the 327th Star Corps here. 21 BBY Quell
17%
Gregor was reported as missing after this battle. One of the worst battles and worst defeats for the republic. 20 BBY Sarrish
17%
Ahsoka is kidnapped during this battle. 20 BBY Second battle of Felucia
17%
Asajj Ventress is betrayed by Count Dooku during this battle. 20 BBY Sullust
17%
Anakin and Obi-Wan were in the middle of this battle when "Folcrrum" contacted them. 19 BBY Yerbana
17%
^ same group but they attack this famous palace. 19 BBY Attack on Jabbas Palace
11%
Chi Eekway Papanoida and Che Amanwe Papanoida are rescued after being kidnapped. 21 BBY Blockade of Pantora
11%
A Republic Ship blows up too early thanks to R2-D2. This is known as a certain incident. 20 BBY Carida Incident
11%
Ahsoka and Lux Bonteri along with R2-D2 are involved in this incident. 20 BBY Carlac
11%
^ escape this planet. Gregor is also found here. 20 BBY Escape from Abafar
11%
Ahsoka's Ground fleet gets overrun here but she just cant see it yet. 21 BBY First battle of Felucia
11%
Order 66 19 BBY Great Jedi Purge
11%
General Grievous and his forces invade this planet. 20 BBY Invasion of Florrum
11%
Depa Billaba Dies here. 19 BBY Kaller
11%
Savage Oppress is sent here to find Maul. 20 BBY Lotho Minor
11%
^ this sparks what war. This also sparks a significant point in the Clone Wars. 19 BBY Mandalorian Civil War
11%
A plot to see If Rush Clovis was in fact dealing with the separatists. 21 BBY Mission to Cato Neimoidia
11%
Where Kit Fisto is from. 21 BBY Mission to Glee Anselm
11%
Anakin, Obi-Wan, and Ahsoka meet The Father, The Daughter, and The Son here. 20 BBY Mission to Mortis
11%
Anakin and Obi-Wan duel as enemies for the first time here and is the start of Darth Vaders new life. | One of the planets Maul and the Death Watch visit to Jon the Shadow Collective. 19 BBY Mission to Mustafar
11%
^ same thing but the Hutts live here. 19 BBY Mission to Nal Hutta
11%
Jar Jar is mistaken as a Jedi here. 22 BBY Mission to Rodia
11%
Ventress attempts to assassinate Count Dooku. 20 BBY Mission to Serenno
11%
Technically took place nine months after the First battle of Geonosis in 21 BBY. Murkhana
11%
Saw and his sister Steela are introduced here. 22 BBY-20 BBY Onderonian Civil War
11%
Ahsoka and Plo Koon come very close to capturing Aura Sing here. 21 BBY Second mission to Florrum
11%
Cad Bane is successful in kidnapping Wee Dunn here. 21 BBY Second mission to Rodia
11%
Cad Bane along with a group of Bounty Hunters hold a group of Senators hostage. 21 BBY Senate hostage crisis
11%
The Republics presents on this planet breaks treaties that are hundreds of years old. 19 BBY Siege of Mandalore
11%
Adi Gallia dies here. 19 BBY Skirmish on Florrum
11%
General Grievous is temporarily captured here. 20 BBY Skirmish on Naboo
11%
"They have overrun the base! We need reinforcements!" Snowy Planet. 21 BBY Skirmish on Orto Plutonia
11%
The Zillo Beast causes chaos through the streets of this planet. (Don't name the Planet) 21 BBY The Zillo Beast Incident
11%
Legend had it that a battle took place here. (not well known) 20 BBY Alamass
6%
Yoda, Rys, Jek, and Lieutenant Thire are sent here in hopes to from a treaty with the people of Toydaria. 22 BBY Ambush on Rugosa
6%
Anakin tells Captain Rex that he apologizes for not leading his men into combat. That a true leader always leads in the front. One of the early conflicts in the war. 22 BBY Arantara
6%
Ki-Adi-Mundi dies during this assault. 19 BBY Assault on Mygeeto
6%
This made Cut Lawquane desert the Army. 22 BBY Attack on a Republic troop transport
6%
The Negotiator is destroyed. 20 BBY Attack on Obi-Wans fleet
6%
The last bomb to go off at the Jedi Temple. 19 BBY Bombing of the Jedi Temple
6%
In the Corvair Sector. 22 BBY Corvair
6%
Anakin, Ahsoka, Aayla, Captain Rex, and Commander Bly are the only ones to defend this village/planet. 21 BBY Defense of Maridun
6%
Savage Oppress kills Halsey and Knox here. 20 BBY Devaron Massacre
6%
This battle was to distract the republic from going to Geonosis. 21 BBY Dorin
6%
Kit Fisto, Agen Kolar, Saesee Tinn, and Mace Windu all die during this duel. 19 BBY Duel in Palpatines Office
6%
This technically over the planet. Poggle the Lesser escapes here to avoid Republic custody. 19 BBY Escape from Geonosis
6%
Takes place on Stygeon Prime. Maul is involved. 19 BBY Escape from the Spire
6%
Depa Billaba losses 90% of her men during this battle. 19 BBY Haruun Kal
6%
In the Crantori System. 20 BBY Horain
6%
Ahsokas people are from here but wonders where they are upon arrival. 20 BBY Kiros
6%
A Jedi temple is destroyed here. 20 BBY Ledeve
6%
Galen Erso lived here with his family when the war had ended. There was a battle going on when the droids were ordered to shutdown. 19 BBY Lokori
6%
Where Maul lures Obi-Wan to show him that he in fact is still alive. 20 BBY Massacre on Raydonia
6%
The business that Obi-Wan mentioned to Anakin after telling him it was the ninth time he saved him not the tenth. 22 BBY Mission to Cato Neimoidia
6%
Senator Kharrus and Clone Pilot Mack die here upon entry. 21 BBY Mission to Florrum
6%
The cure for this virus of above is here. 21 BBY Mission to Iego
6%
Fives dies on this level of Coruscant. 19 BBY Mission to Level 1325
6%
A mission to a planet in the outer rim where Padmé, Anakin, and Senior Captain Thrawn are involved 19 BBY Mission to Mokivj
6%
Yoda goes to this planet to get answers of his own during an odd time in his life. Darth Banes spirit is here. 19 BBY Mission to Moraband
6%
Anakin and Obi-Wan are sent here to find out more about what happened to Sifo-Dyas 19 BBY Mission to Oba Diah
6%
The rumored secret of invisibility was here. 20 BBY Mission to Retta
6%
The intergalactic banking clan have a big presence to oversee banking transfers. 19 BBY Mission to Scipio
6%
We find out that Echo is in fact still alive here. 19 BBY Mission to Skako Minor
6%
Anakin and Obi-Wan are sent here to investigate the death of Master Tu-Anh. 19 BBY Mission to Utapau
6%
Mace Windu and Anakin are trapped here. They send R2-D2 to Coruscant for help. 21 BBY Mission to Vanqor
6%
^ part of the same conflict. 19 BBY Ord Mantell
6%
This is also the start of a particular campaign in the outer rim and the beginning of the end of the war. 19 BBY Outer Rim Sieges
6%
After The Box challenges. Count Dooku tells a group of Bounty Hunters about a certain plan. 20 BBY Plan to kidnap Chancellor Palpatine
6%
Cad Bane steals a holocron here. 21 BBY Raid on the Jedi Temple
6%
This time the attempt to rescue Quinlan Vos is a success. 19 BBY Rescue of Quinlan Vos
6%
Ahsoka and a group of younglings try to escape this planet but do not succeed. 20 BBY Rescue on Florrum
6%
Shortly after the above this battle begins. We've seen this battle once before at the start of the war. 19 BBY Second battle of Christophsis
6%
^ still apart of the same conflict but now on the homeworld of the nightsisters. 19 BBY Second battle of Dathomir
6%
Stass Allie dies here. 19 BBY Siege of Saleucami
6%
Technically taking place in 21 BBY, Anakin is caught and then released in an attempt to capture Count Dooku. Skirmish at Vanqor
6%
Obi-Wan, Anakin, and Ahsoka along with a group of Bounty Hunters help this village out from pirates. 21 BBY Skirmish on Felucia
6%
A certain slave empire is here. 20 BBY Zygerria
6%
Mina Bonteri's husband was killed here. 22 BBY Aargonar
0%
Captain Rex mentions to a small group of rebels that a battle occurred here. This is many years after the Clone Wars had ended. 19 BBY Agamar
0%
^ same conflict but the Republic is involved now. 19 BBY Assault on Vizsla Keep 9
0%
The genocide of the Mahran refugees occurs here. 19 BBY Atrocity on Mahranee
0%
Obi-Wan sends Anakin to command the Third Legion during a civil war on this planet. 21 BBY Balith Civil War
0%
The power grid of this planet Is bombed. 21 BBY Bombing of Coruscants central power distribution grid
0%
Barris Offee is eventually and rightfully convicted after Ahsoka was originally believed to be the one to have done this. 19 BBY Bombing of the Jedi Temple hangar
0%
Mace Windu and his men were able to hold off there defense on this planet but required many medical supplies as a result of their effort. 21 BBY Defense of Dantooine
0%
Hevy, Cutup, Droidbait, Nub, Sergeant O'niner, and CT-327 all die here. Fives and Echo along with Captain Rex and Commander Cody are the only survivors. 22 BBY Defense of Rishi Station
0%
A medical stationed that was targeted by General Grievous. 21 BBY Destruction of Felucia Medical Station
0%
Mid Rim Planet. 22 BBY Falleen
0%
The Bad Batch was here before joining up with Commander Cody. 19 BBY Insurrection on Yalbec Prime
0%
Dutches Satine's nephew discovers a certain conspiracy. 21 BBY Mandalorianblack market conspiracy
0%
Queen Julia is kidnapped and Mace Windu and Jar Jar pursue her captors. 19 BBY Mission the Bardotta
0%
Quinlan Vos is attempted to be rescued but the outcome failed. 19 BBY Mission the Serenno (Krayts Claw)
0%
Mace Windu and Obi-Wan are in a trap thanks to Cad Bane. 21 BBY Mission to Black Stall Station
0%
In the Pleknok System. 19 BBY Mission to Pleknok
0%
Quinlan Vos is captured here and Ventress escapes. 19 BBY Mission to Raxus Secundus
0%
Colonel Meebur Gascon leads a group of droids on an important mission. 20 BBY Mission to steal a Separatist encryption module
0%
Queen Julia is rescued here. 19 BBY Mission to Zardossa Stix
0%
There was Intelligence of a possible droid factory here. 22 BBY Misson to Kudo III
0%
Where Anakin and Ahsoka rescue a group of kids. 21 BBY Misson to Mustafar
0%
Adi Gallia is recused after this battle. 20 BBY Patitite Pattuna
0%
Not so much a battle but could have had an terrible effect on the galaxy if this wasn't prevented. Takes place in the swamps of Naboo. 21 BBY Raid of Nuvo Vindi's Laboratory.
0%
Pirates raid this ship after the gathering took place. 20 BBY Raid on the Crucible
0%
Savage Oppress and Maul raid this place. 19 BBY Raid on the Cybloc Transfer Station
0%
Cad Bane escape along with an undercover Obi-Wan. 20 BBY Riot at the Republic Judiciary Detention Center
0%
Boba Fett destroys this ship single handedly. 21 BBY Sabotage of the Endurance
0%
Anakin almost spoils the plans of finding out what the separatists are up to when he finds out that Obi-Wan is still alive after fighting him in is undercover look. 20 BBY Showdown on Orondia
0%
Obi-Wan and Quinlan Vos come close to capturing Cade Bane here. 21 BBY Showdown on Teth
0%
Savage Oppress kills the king of this planet here. 20 BBY Showdown on Toydaria
0%
Orson Krennic predicted that Republic forces would withdraw from here to prevent further losses. 21 BBY Siege of Grange
0%
Generals Obi-Wan, Anakin, and Plo Koon were dispatched here to prevent this planet to fall into Separatists hands. 22 BBY Siege of Hisseen
0%
These Geonosis worms are aboard this ship and cause chaos amongst the crew. 21 BBY Skirmish aboard TB-73
0%
Ahsoka escapes along with Captain Rex on this ship. 19 BBY Skirmish aboard the Tribunal
0%
This takes place on Mandalore when the Dutches Satine and Padmé discover why the children's water is being poisoned. 21 BBY Skirmish at the Sundari Docks
0%
Deba Billaba Vs. Colonel Coburn Sear. 19 BBY Skirmish on Kardoa
0%
Anakin and Ventress dueled on this ship. 20 BBY Skirmish on the Halcyon
0%
Not well known but the Republic is defeated here. 19 BBY Slag's Pit
0%
The Shadow Collective and Death Watch takeover over this neutral world. 19 BBY Takeover of Mandalore
0%
Ahsoka is recused here by the Republic and some Wookies. 20 BBY Wasskah
0%
This conflict is known as the campaign against the Shadow Collective. 19 BBY Zanbar
0%
No matching quizzes found
Score Distribution
Percent of People with Each Score
Percentile by Number Answered
Your Score History
You have not taken this quiz